Economic geography: an appraisal of resources. (Record no. 96980)

MARC details
000 -LEADER
fixed length control field 00395nam a2200133Ia 4500
008 - FIXED-LENGTH DATA ELEMENTS--GENERAL INFORMATION
fixed length control field 210210b1993 xxu||||| |||| 00| 0 eng d
082 ## - DEWEY DECIMAL CLASSIFICATION NUMBER
Classification number 330.91 ROYE
100 ## - MAIN ENTRY--PERSONAL NAME
Personal name ROY (Prithwish Kumar) and MUKHERJEE (Somnath).
245 ## - TITLE STATEMENT
Title Economic geography: an appraisal of resources.
260 ## - PUBLICATION, DISTRIBUTION, ETC.
Place of publication, distribution, etc. Calcutta
Name of publisher, distributor, etc. New Central Book Agency
Date of publication, distribution, etc. 1993
300 ## - PHYSICAL DESCRIPTION
Extent 143
690 ## - LOCAL SUBJECT ADDED ENTRY--TOPICAL TERM (OCLC, RLIN)
Topical term or geographic name as entry element Economic Geography
906 ## - LOCAL DATA ELEMENT F, LDF (RLIN)
a 048285
Holdings
Withdrawn status Lost status Damaged status Not for loan Collection code Home library Current library Shelving location Date acquired Cost, normal purchase price Total Checkouts Full call number Barcode Date last seen Price effective from Koha item type
          St Aloysius Library St Aloysius Library   02/17/2021 85.00   330.91 ROYE 048285 02/17/2021 02/17/2021 Book